Statistics for Countries with Brazilian Born Soccer (Football) Players

Click here to take the quiz!

General Stats

  • This quiz has been taken 348 times
    (252 since last reset)
  • The average score is 15 of 35

Answer Stats

PlayerNational Team% Correct
PepePortugal
94%
Diego CostaSpain
93%
JorginhoItaly
90%
CacauGermany
79%
Benny FeilhaberUnited States
75%
Mário FernandesRussia
74%
NeymarBrazil
71%
SinhaMexico
71%
Matías AguirregarayUruguay
67%
Marcus Tulio TanakaJapan
64%
Marcos GonzálezChile
61%
Mehmet AurélioTurkey
55%
Igor de CamargoBelgium
54%
Thiago CionekPoland
52%
EdmarUkraine
52%
Eduardo da SilvaCroatia
49%
Edivaldo HermozaBolivia
45%
Alexandre GuimarãesCosta Rica
36%
Emerson SheikQatar
36%
Lúcio WagnerBulgaria
29%
LeandroHungary
29%
Renan BressanBelarus
25%
Ricardo BaianoBosnia and Herzegovina
24%
Denilson CostaHonduras
24%
Phan Van SantosVietnam
20%
Marcos PizzelliArmenia
17%
NildesonEl Salvador
16%
Francileudo SantosTunisia
16%
Leandro GomesAzerbaijan
13%
Gilberto dos SantosLebanon
9%
Zé LuizTrinidad and Tobago
8%
André NelesEquatorial Guinea
5%
BillTogo
5%
Egmar GoncalvesSingapore
4%
Cristiano CordeiroHong Kong
3%

Score Distribution

Percentile by Number Answered

Percent of People with Each Score

Your Score History

You have not taken this quiz since the last reset